MDQL
is popping MORE tags! Check the
thread
!
Quizzes
Events
Quiz Creation
Community
Videos
Private Events
Remove Ads
Sign In
Join for FREE
Feedback
Dark Mode
Quiz Categories
Sports
Geography
Music
Movies
Television
Just For Fun
Miscellaneous
History
Literature
Language
Science
Gaming
Entertainment
Religion
Holiday
For Kids
Quiz Lab
Recent
Popular Today
Quiz Kudos Today
Editor Picks
Curator Picks
Quizzes by...
Day
Popularity
Type
Ratings
Length
Year
Community
Subscriptions
Recent Discussions
Orange Saloon
Badges
Playlists
Quests
Create
Leaderboards
Showdown
Live 5
Trivia Bingo
Activity
Puzzle Library
Sporcle Events
Private Events
Virtual Trivia
Globe League
Become a Host
Pub Owners
SporcleCon
Opinionation
Our Games
Videos
Blog
Mobile Apps
Partnerships
Remove Ads and Go Orange
Feedback
Sports
Athletes
MLB
NBA
NHL
NFL
Soccer
Sports Teams
WWE
NCAA
Football
Premier League
Basketball
Baseball
Hockey
Golf
Tennis
Cricket
Rugby
Auto Racing
Olympics
World Cup
Sports
Athletes
MLB
NBA
NHL
NFL
Soccer
Sports Teams
WWE
NCAA
Football
Premier League
Basketball
Baseball
Hockey
Golf
Tennis
Cricket
Rugby
Auto Racing
Olympics
World Cup
Random Quiz
Search Sporcle
×
Quiz Lab
Quiz Lab
Sports
Basketball
Type in answers that appear in a list
Type in answers that appear in a list
Classic
Best Score? Go Orange.
Cryptogram: Members of the Basketball Hall of Fame Stats
Can you name the basketball hall of famers by solving the cryptograms?
By
DarrenMark
8m
20 Questions
71 Plays
71 Plays
71 Plays
Comments
Comments
Give Quiz Kudos
Give Quiz Kudos
-
- Ratings
hide this ad
More Info
Forced Order
Answers have to be entered in order
Answers have to be entered in order
Replay
Link that replays current quiz
Next Quiz
Link to next quiz in quiz playlist
You Got
0%
They Got
Avg Score
60%
Avg Friend Score
Upgrade to see
Score Distribution
Jump to the score distribution portion of the page
Score
0/20
Timer
08:00
0
Plays Today
Cryptogram
Player
% Correct
IBXGC
EWING
91.5%
BIRD
WEST
88.7%
VXGC
BING
77.5%
RDWZPDWG
STOCKTON
70.4%
OARRIUU
RUSSELL
70.4%
JIDDXD
PETTIT
67.6%
CIOKXG
GERVIN
64.8%
YXPLG
MIKAN
59.2%
YZLTWW
MCADOO
57.7%
ZWARS
COUSY
56.3%
Cryptogram
Player
% Correct
UAXRIDDX
LUISETTI
56.3%
TOIHUIO
DREXLER
54.9%
AGRIUT
UNSELD
54.9%
TAYLOR
DUMARS
54.9%
LOXNXG
ARIZIN
53.5%
VLSUWO
BAYLOR
49.3%
VLOPUIS
BARKLEY
47.9%
YLOLKXZQ
MARAVICH
46.5%
QLKUXZIP
HAVLICEK
46.5%
TIVARRZQIOI
DEBUSSCHERE
39.4%
Quiz Playlist
Details
Report
Send in Message
Add To Playlist
More Info:
I have substituted every letter of the alphabet with a different letter. The substitution is the same for all clues.
Classic:
Type in answers that appear in a list
Forced Order:
Answers have to be entered in order
Last Updated: Feb 16, 2017
Quiz Scoreboard
CHALLENGE
Sign Up to Join the Scoreboard
Show All
Scores
Hide
Comments
May contain spoilers
Recently Published
Image Sorting: Flags VI
by Barbecue
Geography
2m
Find the 'City' Movie
by crazypaving
Movies
60s
Colored Red Africa Blitz
by spor1
Geography
45s
More to Explore
Quiz From the Vault
Featured Blog Post
14 Easter Pick-up Lines to Find Eggs With
hide this ad
You Might Also Like...
Tags
Basketball Quiz
Cryptogram
Hall of Fame
Today's Top Quizzes in Sports
Browse Sports
hide this ad
Today's Top Quizzes in Basketball
Browse Basketball
Top Contributed Quizzes in Sports
1
Les meilleurs buteurs des matchs entre le PSG et l’OM
2
Les entraîneurs de l'OM et du PSG au 21e siècle
3
Les joueurs passés par le PSG et l'OM
4
2022 World Cup Stars
5
Players with Multiple 50 Home Run Seasons
6
Criteria MLB: Left Handed Sluggers
7
Les joueurs passés par le LOSC et le RC Lens
8
NBA Logic Puzzle 2.0
9
MLB Players with Two .350 Batting Average Seasons
10
FIFA Club World Cup Champions
Explore More
Trending Topics
Marvel
NBA
Disney
Kpop
Anime
Harry Potter
Crossword
The Office
Soccer
Song
NFL
Puzzle
WWE
Country
Pokémon
hide this ad
More By:
DarrenMark
Quiz
Plays
Rating
Category
Featured
Created
Word Ladder: Courtside Seats
17,301
3.69
Just For Fun
Feb 20, 2011
Word Ladder: Road Trip!
11,130
4.62
Just For Fun
Dec 6, 2014
Educated NBA All-Stars
4,489
4.40
Sports
Feb 20, 2011
Disneyland-themed Word Ladder
1,377
4.83
Just For Fun
Feb 22, 2011
NBA Top Scorers by Birth Year
525
5.00
Sports
Nov 5, 2010
Go to Creator's Profile
Score Distribution
Quiz Creator Spotlight
DarrenMark
Follow
Send a Message
Quizzes Created
-
Created Quiz Play Count
-
More By This Creator
Popular Quizzes Today
1
Colored Red Africa Blitz
2
Find the US States - No Outlines Minefield
3
Find the 'City' Movie
4
5x2 Blitz: Bands
5
The Countries of the World
6
Find the US States
7
Find the Countries of Europe - No Outlines Minefield
8
US States
More Sports Quizzes
NBA All-Star MVPs by Image (1987-2023)
Published
Trending Quizzes
Colored Red Europe Blitz I
Colored Red Europe Blitz II
Colored Red Africa Blitz II
Colored Red Europe Blitz III
Colored Red Africa Blitz III
Recently Updated
How Do You Spell That?
pecheneg
Godzilla Movies
pecheneg
Grab Bag: 4-10 Letters
pecheneg
2024 March Madness Bracket
pecheneg
Famous TV Couples
Peacemaker
Champions League XIs: Real Madrid
pecheneg
Largest US Cities 1790-2010
pecheneg
Rides in Walt Disney World
pecheneg
Most Oscar Losses (Acting)
pecheneg
Beyoncé Albums
pecheneg
Trending Topics
NBA
Disney
Kpop
Crossword
Anime
Harry Potter
Marvel
WWE
NFL
The Office
Pokémon
Puzzle
Song
Country
Soccer
Your Account Isn't Verified!
In order to create a playlist on Sporcle, you need to verify the email address you used during registration. Go to your
Sporcle Settings
to finish the process.
Report this User
Report this user for behavior that violates our
Community Guidelines
.
Details:
Send Report
Go to the Sporcle.com Mobile Site →
Comments